000 00957nas a2200301 4500
001 BR2016001461
003 BR-BrBNA
005 20231205130245.0
007 ta
008 230509b bl.|||p| |||| 00| 00por d
040 _aBR-BrBNA
_bpor
_cBiblioteca Nacional de Agricultura
041 _a(Pt)
072 _aH20
100 1 _aBastos, C.N.
245 1 _aAção parasitária de Cladobotrym amazonense a basidiomas de Moniliophthora perniciosa em vassouras de cacaueiro, cupuaçuzeiro e lobeira
650 _aCACAU
650 _aCUPUAÇU
650 _aFRUTA-DE-LOBO
650 _aFUNGO
650 _aSOLANUM LYOCARPUM
650 _aCLADOBOTRYM AMAZONENSE
650 _aCONTROLE BIOLÓGICO
650 _aCONTROLE QUÍMICO
773 0 _tAgrotrópica (Brazil)
_xISSN 0103-3816
_g(Mai-Aug 2015), v. 27(2) p. 125-128
_wBR2016001461
856 4 0 _dLink DSPACE/MAPA BR2016001461
909 _a202311
_bLúcia
_c55
_dLúcia Elande
942 _2AGRIS
_n0
_cANA
999 _c248496
_d248496